Văn hóa giao tiếp của người Việt qua hành động ngôn ngữ chửi /

Bewaard in:
Bibliografische gegevens
Hoofdauteur: Mai Thị Hảo Yến, TS.
Formaat: Artikel
Taal:Vietnamese
Onderwerpen:
Tags: Voeg label toe
Geen labels, Wees de eerste die dit record labelt!
Thư viện lưu trữ: Thư viện Trường Đại học Đà Lạt
LEADER 00776nam a2200253 4500
001 DLU200194906
005 ##20200831
040 # # |a DLU  |b vie 
041 # # |a vie 
044 # # |a vn 
100 # # |a Mai Thị Hảo Yến,   |c TS. 
245 # # |a Văn hóa giao tiếp của người Việt qua hành động ngôn ngữ chửi /  |c Mai Thị Hảo Yến. 
653 # # |a Ngôn ngữ 
653 # # |a Văn hóa giao tiếp 
773 # # |t Tạp chí Ngôn ngữ và đời sống  |g Số 3, 2015, tr. 26-28 
920 # # |a Phòng Tạp chí -- Trung tâm Thông tin - Thư viện Trường Đại học Đà Lạt 
994 # # |a DLU 
900 # # |a True 
911 # # |a Trần Thị Minh Hương 
925 # # |a G 
926 # # |a A 
927 # # |a BB 
980 # # |a Thư viện Trường Đại học Đà Lạt